[Event "Oberliga Nord N 1920"]
[Site "Germany"]
[Date "2020.03.01"]
[Round "7.4"]
[White "Kololli, Martin"]
[Black "Jaeckle, Marco"]
[Result "1-0"]
[WhiteElo "2309"]
[BlackElo "2242"]
[PlyCount "73"]
[EventDate "2019.09.29"]
[EventType "team-tourn"]
[EventRounds "9"]
[EventCountry "GER"]
[SourceTitle "CBM 195 Extra"]
[Source "ChessBase"]
[SourceDate "2020.05.31"]
[SourceVersion "1"]
[SourceVersionDate "2020.05.31"]
[SourceQuality "1"]

1. e4 e6 2. d4 d5 3. Nd2 Nc6 4. Ngf3 Nf6 5. e5 Nd7 6. Be2 f6 7. exf6 Qxf6 8. Nf1 Bd6 9. Ne3 0-0 10. 0-0 Bf4 11. g3 Bxe3 12. Bxe3 e5 13. dxe5 Ndxe5 14. Nxe5 Qxe5 15. Bf4 Rxf4 16. gxf4 Qxf4 17. Qxd5+ Kh8 18. Bd3 Bh3 19. Qh5 Qh6 20. Qxh6 gxh6 21. f3 Ne5 22. Rf2 Rg8+ 23. Kh1 Nxf3 24. Bc4 Rg5 25. Rd1 Kg7 26. Bd5 Ne5 27. Re1 c6 28. Bg2 Bxg2+ 29. Rxg2 Ng6 30. Rd1 Rb5 31. Rd7+ Kf6 32. c4 Re5 33. Rf2+ Kg5 34. h3 Re3 35. Kh2 Nf4 36. Rg7+ Kf6 37. Rg4 1-0

[Event "Oberliga Nord N 1920"]
[Site "Germany"]
[Date "2019.10.20"]
[Round "2.5"]
[White "Schwarz, Frank"]
[Black "Jaeckle, Marco"]
[Result "1-0"]
[WhiteElo "2252"]
[BlackElo "2242"]
[PlyCount "45"]
[EventDate "2019.09.29"]
[EventType "team-tourn"]
[EventRounds "9"]
[EventCountry "GER"]
[SourceTitle "CBM 195 Extra"]
[Source "ChessBase"]
[SourceDate "2020.05.31"]
[SourceVersion "1"]
[SourceVersionDate "2020.05.31"]
[SourceQuality "1"]

1. c4 e5 2. g3 Nf6 3. Bg2 h6 4. a3 Be7 5. Nc3 0-0 6. Nf3 d6 7. 0-0 Re8 8. d4 Nbd7 9. Qc2 c6 10. Rd1 Bf8 11. e4 exd4 12. Nxd4 Ne5 13. c5 Bg4 14. f3 Bd7 15. cxd6 Bxd6 16. Kh1 Bf8 17. f4 Ng6 18. e5 Nd5 19. Nxd5 cxd5 20. e6 Bxe6 21. f5 Rc8 22. Qb3 Rc4 23. fxg6 1-0

[Event "Oberliga Nord N 1920"]
[Site "Germany"]
[Date "2019.09.29"]
[Round "1.4"]
[White "Reichmann, Hendrik"]
[Black "Jaeckle, Marco"]
[Result "1-0"]
[WhiteElo "2341"]
[BlackElo "2242"]
[PlyCount "79"]
[EventDate "2019.09.29"]
[EventType "team-tourn"]
[EventRounds "9"]
[EventCountry "GER"]
[SourceTitle "CBM 195 Extra"]
[Source "ChessBase"]
[SourceDate "2020.05.31"]
[SourceVersion "1"]
[SourceVersionDate "2020.05.31"]
[SourceQuality "1"]

1. c4 e5 2. g3 Nc6 3. Bg2 h6 4. e3 Nf6 5. Nc3 Bb4 6. Nge2 0-0 7. a3 Bxc3 8. Nxc3 d6 9. b4 Bg4 10. Qb3 Qd7 11. h3 Be6 12. Bb2 a5 13. b5 Nd8 14. a4 c6 15. g4 d5 16. bxc6 bxc6 17. cxd5 Nxd5 18. Nxd5 Bxd5 19. Bxd5 cxd5 20. Bxe5 Nc6 21. Bg3 f5 22. Rc1 Kh8 23. Rc5 Rad8 24. Qb5 Rf6 25. 0-0 fxg4 26. Rfc1 Nb4 27. Qxa5 Nd3 28. Qxd8+ Qxd8 29. Rc8 Rf8 30. Rxd8 Rxd8 31. Rc3 Nb2 32. hxg4 d4 33. Rc7 dxe3 34. dxe3 Rd5 35. Ra7 Rg5 36. f3 Nc4 37. e4 Rg6 38. Rc7 Na5 39. Be1 Nc6 40. Kf2 1-0

[Event "Oberliga Nord N 1718"]
[Site "Germany"]
[Date "2018.01.21"]
[Round "5.7"]
[White "Jaeckle, Marco"]
[Black "Bach, Matthias"]
[Result "0-1"]
[WhiteElo "2235"]
[BlackElo "2264"]
[PlyCount "54"]
[EventDate "2017.10.08"]
[EventType "team-tourn"]
[EventRounds "9"]
[EventCountry "GER"]
[SourceTitle "EXT 2019"]
[Source "ChessBase"]
[SourceDate "2018.10.10"]
[SourceVersion "1"]
[SourceVersionDate "2018.10.10"]
[SourceQuality "1"]
[WhiteTeam "Hamburg SF"]
[BlackTeam "Hamburger SK III"]
[WhiteTeamCountry "GER"]
[BlackTeamCountry "GER"]

1. e4 e5 2. d4 exd4 3. Bc4 Nc6 4. Nf3 Nf6 5. e5 d5 6. Bb5 Ne4 7. Nxd4 Bc5 8. Be3 Bd7 9. Bxc6 bxc6 10. 0-0 Qe7 11. Re1 0-0 12. f3 Ng5 13. f4 Ne4 14. Nd2 f5 15. N2b3 Bb6 16. Nf3 Be6 17. a4 Bxe3+ 18. Rxe3 c5 19. Nbd2 Rab8 20. b3 d4 21. Rd3 Bd5 22. Qe1 Nc3 23. Ng5 h6 24. Nh3 Be4 25. Rxc3 dxc3 26. Nxe4 fxe4 27. Qxe4 Rb4 0-1

[Event "Oberliga Nord N 1617"]
[Site "Germany"]
[Date "2017.04.23"]
[Round "8.6"]
[White "Jaeckle, Marco"]
[Black "Hohlbein, Michael"]
[Result "1-0"]
[WhiteElo "2215"]
[BlackElo "2087"]
[PlyCount "39"]
[EventDate "2016.10.16"]
[EventType "team-tourn"]
[EventRounds "9"]
[EventCountry "GER"]
[SourceTitle "EXT 2018"]
[Source "ChessBase"]
[SourceDate "2017.10.13"]
[SourceVersion "1"]
[SourceVersionDate "2017.10.13"]
[SourceQuality "1"]
[WhiteTeam "Hamburg Schachfreunde"]
[BlackTeam "Marmstorf"]
[WhiteTeamCountry "GER"]
[BlackTeamCountry "GER"]

1. e4 e5 2. d4 exd4 3. Bc4 Nf6 4. Nf3 Nc6 5. e5 d5 6. Bb5 Ne4 7. Nxd4 Bc5 8. Be3 0-0 9. Nxc6 bxc6 10. Bxc5 Nxc5 11. Bxc6 Rb8 12. Qxd5 Qe7 13. 0-0 Rd8 14. Qf3 Rxb2 15. Nc3 Ne6 16. Qe3 Nd4 17. Nd5 Qf8 18. Qxd4 Rb6 19. Rfd1 Kh8 20. Qe3 1-0

[Event "Oberliga Nord N 1617"]
[Site "Germany"]
[Date "2017.01.15"]
[Round "4.6"]
[White "Jaeckle, Marco"]
[Black "Engel, Gunnar"]
[Result "1-0"]
[WhiteElo "2215"]
[BlackElo "2068"]
[PlyCount "95"]
[EventDate "2016.10.16"]
[EventType "team-tourn"]
[EventRounds "9"]
[EventCountry "GER"]
[SourceTitle "EXT 2018"]
[Source "ChessBase"]
[SourceDate "2017.10.13"]
[SourceVersion "1"]
[SourceVersionDate "2017.10.13"]
[SourceQuality "1"]
[WhiteTeam "Hamburg Schachfreunde"]
[BlackTeam "Rostock"]
[WhiteTeamCountry "GER"]
[BlackTeamCountry "GER"]

1. e4 c5 2. b3 Nc6 3. Bb2 d6 4. Bb5 e5 5. Ne2 Nf6 6. d3 Bd7 7. Bxc6 Bxc6 8. 0-0 Be7 9. Nd2 0-0 10. Ng3 Bd7 11. Qe2 Be6 12. Nc4 b5 13. Ne3 g6 14. f4 exf4 15. Rxf4 Nd7 16. Ngf5 Bg5 17. Rf2 Ne5 18. d4 cxd4 19. Nxd4 a6 20. Nxe6 fxe6 21. Rxf8+ Qxf8 22. Ng4 Nxg4 23. Qxg4 Qe7 24. Rf1 Rf8 25. Rxf8+ Kxf8 26. Bd4 Kg8 27. c4 bxc4 28. bxc4 Bf6 29. Bf2 Kf7 30. Qf3 Kg7 31. g3 Qc7 32. Qd3 Be5 33. Kg2 Qc6 34. Kh3 Qc8 35. Kg2 Qc6 36. Be3 a5 37. Kf3 a4 38. h3 Qb7 39. c5 Qc6 40. Bd4 Bxd4 41. Qxd4+ e5 42. Qxd6 Qe8 43. Ke3 Qc8 44. c6 Kh6 45. c7 Qxh3 46. Qf8+ Kg5 47. Qe7+ Kh6 48. Qh4+ 1-0

[Event "Oberliga Nord N 1415"]
[Site "Germany"]
[Date "2015.01.18"]
[Round "5.6"]
[White "Reinecker, Kai"]
[Black "Jaeckle, Marco"]
[Result "0-1"]
[WhiteElo "2250"]
[BlackElo "2233"]
[PlyCount "60"]
[EventDate "2014.09.21"]
[EventType "team-tourn"]
[EventRounds "9"]
[EventCountry "GER"]
[SourceTitle "EXT 2016"]
[Source "ChessBase"]
[SourceDate "2015.10.08"]
[SourceVersion "1"]
[SourceVersionDate "2015.10.08"]
[SourceQuality "1"]
[WhiteTeam "Preetz"]
[BlackTeam "Hamburg SF"]
[WhiteTeamCountry "GER"]
[BlackTeamCountry "GER"]

1. e4 e6 2. d4 d5 3. Nd2 c5 4. Ngf3 Nc6 5. exd5 exd5 6. Bb5 Bd6 7. 0-0 Nge7 8. dxc5 Bxc5 9. Nb3 Bb6 10. c3 0-0 11. Bd3 Bf5 12. Bxf5 Nxf5 13. Qd3 Qd7 14. Bf4 Rfe8 15. Rad1 Rad8 16. c4 a6 17. cxd5 Nb4 18. Qc4 Nxd5 19. g4 Nh4 20. Nxh4 Qxg4+ 21. Ng2 Nxf4 22. Qxf4 Qxd1 23. Rxd1 Rxd1+ 24. Ne1 Rdxe1+ 25. Kg2 R1e2 26. Qb4 Rxf2+ 27. Kg3 Re3+ 28. Kg4 f5+ 29. Kg5 Bd8+ 30. Kh5 Rh3+ 0-1

[Event "Oberliga Nord N 1314"]
[Site "Germany"]
[Date "2014.02.09"]
[Round "6.4"]
[White "Jaeckle, Marco"]
[Black "Hansen, Mads"]
[Result "0-1"]
[WhiteElo "2248"]
[BlackElo "2331"]
[PlyCount "80"]
[EventDate "2013.10.13"]
[EventType "team-tourn"]
[EventRounds "9"]
[EventCountry "GER"]
[SourceTitle "EXT 2015"]
[Source "ChessBase"]
[SourceDate "2014.11.20"]
[SourceVersion "1"]
[SourceVersionDate "2014.11.20"]
[SourceQuality "1"]
[WhiteTeam "Hamburg SF"]
[BlackTeam "Preetz"]
[WhiteTeamCountry "GER"]
[BlackTeamCountry "GER"]

1. e4 e5 2. d4 exd4 3. Bc4 Nf6 4. Nf3 Bc5 5. e5 d5 6. Bb5+ Nfd7 7. Bg5 Be7 8. Bxe7 Qxe7 9. Qxd4 0-0 10. 0-0 Nc5 11. Nc3 c6 12. Bd3 Nbd7 13. Rfe1 Re8 14. Bf5 Nf8 15. Bxc8 Raxc8 16. Re2 Ng6 17. g3 Rcd8 18. Rae1 Ne6 19. Qg4 a5 20. a3 b5 21. h4 Ngf8 22. Rd2 Nd7 23. Ne2 Qc5 24. c3 Qc4 25. Qf5 Ndc5 26. Ned4 Ne4 27. Rde2 b4 28. axb4 axb4 29. Nxe6 fxe6 30. Qh5 bxc3 31. Rxe4 dxe4 32. Ng5 h6 33. Qf7+ Kh8 34. Qg6 hxg5 35. hxg5 Kg8 36. Qh5 c2 37. g6 Rd1 38. Rxd1 cxd1Q+ 39. Qxd1 e3 40. fxe3 Rf8 0-1

[Event "Oberliga Nord N 1314"]
[Site "Germany"]
[Date "2014.01.19"]
[Round "5.4"]
[White "Kesten, Sebastian"]
[Black "Jaeckle, Marco"]
[Result "1-0"]
[WhiteElo "2203"]
[BlackElo "2248"]
[PlyCount "123"]
[EventDate "2013.10.13"]
[EventType "team-tourn"]
[EventRounds "9"]
[EventCountry "GER"]
[SourceTitle "EXT 2015"]
[Source "ChessBase"]
[SourceDate "2014.11.20"]
[SourceVersion "1"]
[SourceVersionDate "2014.11.20"]
[SourceQuality "1"]
[WhiteTeam "Schwerin"]
[BlackTeam "Hamburg SF"]
[WhiteTeamCountry "GER"]
[BlackTeamCountry "GER"]

1. c4 b6 2. d4 Bb7 3. Nc3 e6 4. a3 f5 5. Nf3 Be7 6. d5 Nf6 7. Nd4 Qc8 8. Bf4 a6 9. e3 0-0 10. Be2 c5 11. d6 Bd8 12. Nf3 Nh5 13. Be5 Nc6 14. Qb3 Rb8 15. Rg1 Nf6 16. Bf4 Ne4 17. g4 Nxc3 18. Qxc3 b5 19. gxf5 Bf6 20. Qc2 exf5 21. cxb5 Na5 22. Ne5 Bd5 23. Qxf5 Be6 24. Qh5 c4 25. Bf3 Qe8 26. Qxe8 Rfxe8 27. Bh5 Rf8 28. Bg4 Bxg4 29. Rxg4 Rxb5 30. Nxd7 Bxb2 31. Nxf8 Bxa1 32. Ne6 Bf6 33. d7 Rd5 34. Bc7 Bc3+ 35. Ke2 Rxd7 36. Bxa5 Bxa5 37. Rxc4 Rd2+ 38. Kf1 Rd6 39. Ng5 g6 40. Rc8+ Kg7 41. Ra8 h5 42. Ra7+ Kg8 43. Ke2 Rc6 44. Ne4 Bc7 45. h3 Kf7 46. Kd3 Ke8 47. Kd4 Kd8 48. Kd5 Rb6 49. Nc5 Rd6+ 50. Kc4 Rc6 51. Rxa6 Bb6 52. Kb5 Rxc5+ 53. Kxb6 Rf5 54. f4 g5 55. Ra4 Kd7 56. fxg5 Rxg5 57. Ra5 Rg6+ 58. Kb7 h4 59. Rh5 Rg3 60. Rxh4 Rxe3 61. a4 Rb3+ 62. Ka6 1-0

[Event "Oberliga Nord N 1314"]
[Site "Germany"]
[Date "2014.01.12"]
[Round "8.4"]
[White "Jaeckle, Marco"]
[Black "Hess, Christian"]
[Result "1/2-1/2"]
[WhiteElo "2248"]
[BlackElo "2267"]
[PlyCount "27"]
[EventDate "2013.10.13"]
[EventType "team-tourn"]
[EventRounds "9"]
[EventCountry "GER"]
[SourceTitle "EXT 2015"]
[Source "ChessBase"]
[SourceDate "2014.11.20"]
[SourceVersion "1"]
[SourceVersionDate "2014.11.20"]
[SourceQuality "1"]
[WhiteTeam "Hamburg SF"]
[BlackTeam "Hamburg Koenigsspringer"]
[WhiteTeamCountry "GER"]
[BlackTeamCountry "GER"]

1. e4 c6 2. f4 d5 3. Nf3 dxe4 4. Ng5 Nf6 5. Bc4 e6 6. Nc3 Be7 7. Ncxe4 Nxe4 8. Nxe4 b5 9. Be2 0-0 10. d4 Nd7 11. 0-0 c5 12. Be3 c4 13. Bf3 Bb7 14. Nd2 1/2-1/2

[Event "Oberliga Nord N 1314"]
[Site "Germany"]
[Date "2013.12.15"]
[Round "4.4"]
[White "Jaeckle, Marco"]
[Black "Kluenger, Marc"]
[Result "0-1"]
[WhiteElo "2248"]
[BlackElo "2269"]
[PlyCount "88"]
[EventDate "2013.10.13"]
[EventType "team-tourn"]
[EventRounds "9"]
[EventCountry "GER"]
[SourceTitle "EXT 2015"]
[Source "ChessBase"]
[SourceDate "2014.11.20"]
[SourceVersion "1"]
[SourceVersionDate "2014.11.20"]
[SourceQuality "1"]
[WhiteTeam "Hamburg SF"]
[BlackTeam "Pinneberg"]
[WhiteTeamCountry "GER"]
[BlackTeamCountry "GER"]

1. e4 c5 2. b4 cxb4 3. a3 d5 4. exd5 Qxd5 5. Nf3 e6 6. Bb2 Nf6 7. Bd3 Nc6 8. 0-0 Be7 9. Re1 Bd7 10. Ne5 a6 11. axb4 Nxb4 12. c4 Qd6 13. Bf1 0-0 14. Ra3 b5 15. Rg3 bxc4 16. Nxc4 Qc7 17. Re4 Bb5 18. Qf3 Bc6 19. Bxf6 Bxf6 20. Nc3 Bxe4 21. Nxe4 Bd8 22. Qc3 f5 23. Ng5 Bxg5 24. Rxg5 Nd5 25. Qh3 a5 26. Rh5 Nf6 27. Rh4 a4 28. Qe3 Rfe8 29. Na3 Ng4 30. Qf3 Rab8 31. Nb5 Qc1 32. Nc3 a3 33. h3 Nf6 34. Ra4 Rbd8 35. g4 Rxd2 36. Ne2 Qb2 37. Rxa3 fxg4 38. hxg4 Nd5 39. Rb3 Qe5 40. Ng3 Rf8 41. Qe4 Qf6 42. f3 Nf4 43. Ne2 Qh4 44. Qe3 Nxe2+ 0-1

[Event "Oberliga Nord N 1213"]
[Site "Germany"]
[Date "2012.12.09"]
[Round "4.3"]
[White "Skytte, Rasmus"]
[Black "Jaeckle, Marco"]
[Result "1-0"]
[WhiteElo "2406"]
[BlackElo "2253"]
[PlyCount "55"]
[EventDate "2012.10.14"]
[EventType "team-tourn"]
[EventRounds "9"]
[EventCountry "GER"]
[SourceTitle "EXT 2015"]
[Source "ChessBase"]
[SourceDate "2014.11.20"]
[SourceVersion "1"]
[SourceVersionDate "2014.11.20"]
[SourceQuality "1"]
[WhiteTeam "Preetz"]
[BlackTeam "Hamburg Schachfreunde"]
[WhiteTeamCountry "GER"]
[BlackTeamCountry "GER"]

1. d4 d5 2. Nf3 Bg4 3. Ne5 Bf5 4. c4 f6 5. Nf3 e6 6. Nc3 Nc6 7. a3 Nge7 8. e3 Bg4 9. Be2 Qd7 10. b4 Nd8 11. 0-0 c6 12. e4 dxe4 13. Nxe4 Nf5 14. Bb2 Be7 15. h3 Bxf3 16. Bxf3 0-0 17. Re1 Nd6 18. Nc5 Qc8 19. Qb3 N6f7 20. Nxe6 Nxe6 21. d5 Nf4 22. Rxe7 Ng6 23. dxc6 bxc6 24. Ree1 Ng5 25. c5+ Kh8 26. Rad1 Nh4 27. Bg4 f5 28. Re7 1-0

[Event "Hamburg-chT Landesliga 1011"]
[Site "Hamburg"]
[Date "2011.04.16"]
[Round "8.2"]
[White "Schellhorn, Wolfgang"]
[Black "Jaeckle, Marco"]
[Result "1/2-1/2"]
[WhiteElo "2194"]
[BlackElo "2258"]
[PlyCount "102"]
[EventDate "2010.10.10"]
[EventType "team-tourn"]
[EventRounds "9"]
[EventCountry "GER"]
[SourceTitle "EXT 2022"]
[Source "ChessBase"]
[SourceDate "2021.10.06"]
[SourceVersion "1"]
[SourceVersionDate "2021.10.06"]
[SourceQuality "1"]
[WhiteTeam "Hamburger SK V"]
[BlackTeam "Hamburg Schachfreunde"]
[WhiteTeamCountry "GER"]
[BlackTeamCountry "GER"]

1. e4 c5 2. Nf3 a6 3. d4 cxd4 4. Nxd4 Nf6 5. Nc3 e5 6. Nb3 Bb4 7. Qd3 d5 8. Bg5 Bxc3+ 9. Qxc3 d4 10. Qf3 Be6 11. Bd3 Nbd7 12. h3 Qc7 13. 0-0 h6 14. Bd2 Bc4 15. Rac1 b6 16. c3 Bxd3 17. Qxd3 Qb7 18. cxd4 Qxe4 19. Qxe4 Nxe4 20. Rfe1 Nxd2 21. Nxd2 Ke7 22. f4 f6 23. Nf3 Rhc8 24. fxe5 fxe5 25. dxe5 Rxc1 26. Rxc1 Re8 27. Rc6 Kd8 28. e6 Nb8 29. Rxb6 Kc7 30. Rb3 Rxe6 31. Kf2 Nc6 32. Rc3 Kb6 33. a3 Rf6 34. Ke3 Ne7 35. Rc4 Nf5+ 36. Kd2 Rd6+ 37. Kc3 Ne3 38. Rb4+ Kc7 39. Re4 Nxg2 40. Rg4 Rf6 41. Rxg7+ Kc8 42. Ne5 Nf4 43. h4 Rf5 44. Nc4 Rf6 45. Kd4 Rg6 46. Rf7 Rg4 47. Nd6+ Kd8 48. Kc5 Nd3+ 49. Kd5 Rxh4 50. Rf8+ Kd7 51. Rf7+ Kd8 1/2-1/2

[Event "BL2-Nord 0607"]
[Site "Germany"]
[Date "2007.02.25"]
[Round "6.2"]
[White "Baeumler, Ilja"]
[Black "Jaeckle, Marco"]
[Result "1/2-1/2"]
[WhiteElo "2240"]
[BlackElo "2305"]
[PlyCount "83"]
[EventDate "2006.10.15"]
[EventType "team-tourn"]
[EventRounds "9"]
[EventCountry "GER"]
[SourceTitle "EXT 2008"]
[Source "ChessBase"]
[SourceDate "2007.11.25"]
[SourceVersion "1"]
[SourceVersionDate "2007.11.25"]
[SourceQuality "1"]
[WhiteTeam "Uelzen Post"]
[BlackTeam "Hamburg Schachfreunde"]
[WhiteTeamCountry "GER"]
[BlackTeamCountry "GER"]

1. e4 e6 2. d4 d5 3. Nc3 dxe4 4. Nxe4 Qd5 5. Nc3 Bb4 6. Nf3 Nf6 7. Bd3 b6 8. Qe2 0-0 9. 0-0 Bxc3 10. bxc3 Nbd7 11. Bf4 c5 12. Rad1 cxd4 13. cxd4 Bb7 14. c4 Qh5 15. Ne5 Qxe2 16. Bxe2 Rac8 17. Nxd7 Nxd7 18. Rd2 Rfd8 19. Rc1 f6 20. Be3 Kf7 21. h3 g6 22. a4 e5 23. dxe5 Nxe5 24. Rxd8 Rxd8 25. c5 Rc8 26. Rd1 Bc6 27. cxb6 axb6 28. Rc1 Re8 29. f4 Nd3 30. Rxc6 Rxe3 31. Kf1 Nxf4 32. Bc4+ Ke7 33. Rxb6 Ra3 34. Ra6 g5 35. a5 h5 36. Ra7+ Kd6 37. a6 Kc5 38. Rb7 Kd4 39. Bb5 Ra1+ 40. Kf2 Ra2+ 41. Kf1 Ra1+ 42. Kf2 1/2-1/2

[Event "Oberliga Nord N 0506"]
[Site "Germany"]
[Date "2005.12.11"]
[Round "4.2"]
[White "Jaeckle, Marco"]
[Black "Stephan, Axel"]
[Result "1-0"]
[WhiteElo "2302"]
[BlackElo "2213"]
[PlyCount "129"]
[EventDate "2005.10.23"]
[EventType "team-tourn"]
[EventRounds "9"]
[EventCountry "GER"]
[SourceTitle "EXT 2007"]
[Source "ChessBase"]
[SourceDate "2006.11.23"]
[SourceVersion "1"]
[SourceVersionDate "2006.11.23"]
[SourceQuality "1"]
[WhiteTeam "Hamburg Schachfreunde"]
[BlackTeam "Hamburg Diogenes"]
[WhiteTeamCountry "GER"]
[BlackTeamCountry "GER"]

1. e4 e6 2. Nf3 c5 3. c3 d5 4. exd5 exd5 5. d4 Nc6 6. Bb5 Bd6 7. 0-0 Nge7 8. dxc5 Bxc5 9. Nbd2 0-0 10. Nb3 Bb6 11. Nfd4 Qd6 12. Re1 Bd7 13. Bf1 Rad8 14. Be3 Nxd4 15. Bxd4 Bxd4 16. Qxd4 Nc6 17. Qh4 Rfe8 18. Rxe8+ Rxe8 19. Rd1 Be6 20. Bb5 Rc8 21. Qa4 Rc7 22. Nd4 Nxd4 23. Qxd4 Qc5 24. Be2 Qxd4 25. Rxd4 Kf8 26. f4 g6 27. g4 Ke7 28. Kf2 b6 29. a3 Rc5 30. Kg3 f5 31. g5 b5 32. Kf2 a5 33. Ke1 Bd7 34. Kd2 a4 35. Rd3 Be6 36. Rh3 Bg8 37. Ke3 Kd6 38. Kd4 Rc8 39. Re3 Rb8 40. Re5 Be6 41. Bf3 Rh8 42. Bxd5 Bxd5 43. Rxd5+ Kc6 44. Rc5+ Kb6 45. c4 bxc4 46. Rxc4 Re8 47. Kd3 Kb5 48. Rb4+ Ka5 49. Rb7 Re4 50. Ra7+ Kb5 51. Rxh7 Rxf4 52. Rh6 Rf2 53. h4 Rxb2 54. Rxg6 Rb3+ 55. Kc2 Rxa3 56. Rg8 Ra2+ 57. Kb1 Rh2 58. g6 Rxh4 59. g7 Rg4 60. Rb8+ Kc4 61. g8Q+ Rxg8 62. Rxg8 Kd3 63. Rf8 Ke4 64. Kc2 f4 65. Kd2 1-0

[Event "Oberliga Nord N 0405"]
[Site "Germany"]
[Date "2005.01.30"]
[Round "6.2"]
[White "Jaeckle, Marco"]
[Black "Bekker Jensen, Simon"]
[Result "1/2-1/2"]
[WhiteElo "2282"]
[BlackElo "2379"]
[PlyCount "58"]
[EventDate "2004.10.24"]
[EventType "team-tourn"]
[EventRounds "9"]
[EventCountry "GER"]
[SourceTitle "EXT 2006"]
[Source "ChessBase"]
[SourceDate "2005.11.24"]
[SourceVersion "1"]
[SourceVersionDate "2005.11.24"]
[SourceQuality "1"]
[WhiteTeam "Hamburg SV 1934"]
[BlackTeam "Norderstedt"]
[WhiteTeamCountry "GER"]
[BlackTeamCountry "GER"]

1. e4 c5 2. c3 Nf6 3. e5 Nd5 4. d4 cxd4 5. Nf3 Nc6 6. Bc4 Nb6 7. Bb3 d6 8. exd6 Qxd6 9. 0-0 Be6 10. Na3 dxc3 11. Qe2 Bxb3 12. Nb5 Qb8 13. axb3 e5 14. bxc3 Be7 15. Bg5 f6 16. Be3 Nc8 17. Nh4 0-0 18. Nf5 a6 19. Qg4 g6 20. Nxe7+ N6xe7 21. Qe6+ Kg7 22. Bc5 axb5 23. Bxe7 Nxe7 24. Qxe7+ Rf7 25. Qb4 Rxa1 26. Rxa1 Qc7 27. h4 b6 28. Ra8 Qb7 29. Rd8 Qe7 1/2-1/2

[Event "BL2-Nord 0304"]
[Site "Germany"]
[Date "2004.??.??"]
[Round "?.3"]
[White "Maksimenko, Andrei"]
[Black "Jaeckle, Marco"]
[Result "1/2-1/2"]
[WhiteElo "2510"]
[BlackElo "2280"]
[PlyCount "218"]
[EventDate "2003.10.??"]
[EventType "team-tourn"]
[EventRounds "9"]
[EventCountry "GER"]
[SourceTitle "CBM 100 Extra"]
[Source "ChessBase"]
[SourceDate "2004.07.06"]
[SourceVersion "2"]
[SourceVersionDate "2004.07.06"]
[SourceQuality "1"]
[WhiteTeam "Zehlendorf"]
[BlackTeam "Hamburg Schachfreunde"]
[WhiteTeamCountry "GER"]
[BlackTeamCountry "GER"]

1. Nf3 Nc6 2. c4 e5 3. Nc3 Nf6 4. e3 Bb4 5. Qc2 0-0 6. Nd5 Re8 7. Qf5 d6 8. Nxf6+ gxf6 9. Qh5 d5 10. cxd5 Qxd5 11. b3 Qe4 12. a3 Bf8 13. d3 Qg6 14. Qxg6+ hxg6 15. Nd2 Bf5 16. Ne4 Kg7 17. Bb2 Be6 18. b4 a5 19. b5 Na7 20. d4 Bf5 21. Nc5 exd4 22. Bxd4 Rad8 23. Be2 Rxd4 24. exd4 Bxc5 25. dxc5 Bd3 26. Ra2 Nxb5 27. Rd2 Bc4 28. h4 Nc3 29. Rh3 Nxe2 30. Re3 Rxe3 31. fxe3 Nc1 32. Rd7 Nd3+ 33. Kd1 Nxc5 34. Rxc7 Bb3+ 35. Kd2 Ne4+ 36. Kd3 Bd5 37. Kd4 Bc6 38. Rxc6 bxc6 39. Kxe4 f5+ 40. Ke5 Kh6 41. a4 Kh5 42. Kd6 Kxh4 43. Kxc6 Kg3 44. Kb6 Kxg2 45. Kxa5 g5 46. Kb4 f4 47. exf4 gxf4 48. a5 f3 49. a6 f2 50. a7 f1Q 51. a8Q+ Qf3 52. Qg8+ Kf1 53. Kc5 f5 54. Qc4+ Kg2 55. Qg8+ Kf2 56. Qa2+ Qe2 57. Qf7 Qe5+ 58. Kb4 f4 59. Qa2+ Qe2 60. Qd5 f3 61. Qh5 Ke1 62. Qh4+ Kd1 63. Ka4 Qa2+ 64. Kb4 Qd2+ 65. Ka4 f2 66. Qh1+ Kc2 67. Qc6+ Kb1 68. Qb5+ Kc1 69. Qc4+ Qc2+ 70. Ka3 Kd2 71. Qf4+ Ke2 72. Qg4+ Ke1 73. Qh4 Qf5 74. Ka4 Ke2 75. Qc4+ Kf3 76. Qc3+ Kg4 77. Qg7+ Kh5 78. Qh8+ Kg4 79. Qg7+ Qg5 80. Qd7+ Kf3 81. Qc6+ Kg3 82. Qc3+ Kg2 83. Qc6+ Kg1 84. Qb6 Qf4+ 85. Ka3 Kh2 86. Qb2 Qf8+ 87. Ka2 Qa8+ 88. Kb1 Qe4+ 89. Ka2 Kg1 90. Qg7+ Kf1 91. Qa1+ Ke2 92. Qb2+ Ke3 93. Qc3+ Qd3 94. Qe5+ Kd2 95. Qf4+ Ke1 96. Qh4 Qe3 97. Kb2 Kd1 98. Qa4+ Ke1 99. Qh4 Qe2+ 100. Ka3 Kd1 101. Qd4+ Qd2 102. Qg4+ Kc1 103. Qc4+ Kb1 104. Qb5+ Kc2 105. Qb3+ Kc1 106. Qc4+ Kd1 107. Qg4+ Qe2 108. Qd4+ Qd2 109. Qg4+ Ke1 1/2-1/2

[Event "BL2-Nord 0304"]
[Site "Germany"]
[Date "2003.??.??"]
[Round "?.3"]
[White "Jaeckle, Marco"]
[Black "Berg, Klaus"]
[Result "1-0"]
[WhiteElo "2280"]
[BlackElo "2435"]
[PlyCount "153"]
[EventDate "2003.10.??"]
[EventType "team-tourn"]
[EventRounds "9"]
[EventCountry "GER"]
[SourceTitle "CBM 100 Extra"]
[Source "ChessBase"]
[SourceDate "2004.07.06"]
[SourceVersion "2"]
[SourceVersionDate "2004.07.06"]
[SourceQuality "1"]
[WhiteTeam "Hamburg Schachfreunde"]
[BlackTeam "Preetz"]
[WhiteTeamCountry "GER"]
[BlackTeamCountry "GER"]

1. e4 c6 2. d4 d5 3. e5 Bf5 4. Nf3 e6 5. a3 Ne7 6. Nbd2 Nd7 7. Nh4 c5 8. c3 cxd4 9. cxd4 Qb6 10. Nxf5 Nxf5 11. Nf3 Be7 12. Qa4 a6 13. Bd3 Rc8 14. 0-0 Rc6 15. Bd2 0-0 16. Rfc1 Rfc8 17. Rxc6 Rxc6 18. Rc1 Nb8 19. Rxc6 Nxc6 20. Bxf5 exf5 21. Bc3 g6 22. Ne1 f6 23. Nd3 fxe5 24. dxe5 Qb5 25. Qc2 Qc4 26. Qd2 a5 27. Ne1 b6 28. Nf3 Qe4 29. h4 f4 30. Bd4 Nxd4 31. Qxd4 Qxd4 32. Nxd4 Kf7 33. Nf3 Ke6 34. Kf1 Kf5 35. Ke2 Ke4 36. a4 h6 37. b3 g5 38. h5 Bc5 39. Nh2 Kxe5 40. Ng4+ Ke4 41. Nxh6 Bd4 42. f3+ Ke5 43. Kd3 Ba1 44. Nf7+ Ke6 45. Nxg5+ Kf5 46. Nh3 Bg7 47. Ng1 Ke5 48. Ne2 Kf5 49. Nd4+ Ke5 50. Nb5 Bf8 51. Nc7 Kd6 52. Ne8+ Ke5 53. Nc7 Kd6 54. Nb5+ Ke5 55. Nc3 Bg7 56. Na2 Bf8 57. Kc3 Kf5 58. Kd4 Ke6 59. Kd3 Ke5 60. Nc1 Bg7 61. Ne2 Kf5 62. g4+ fxg3 63. Nxg3+ Kf4 64. Nf1 d4 65. Nd2 Ke5 66. Nc4+ Kd5 67. Nxb6+ Kc5 68. Nc4 Kb4 69. f4 Kxb3 70. Nxa5+ Kxa4 71. Nc6 Kb5 72. Nxd4+ Kb6 73. Ke4 Kb7 74. Ne6 Bh8 75. h6 Kc6 76. Ng7 Kd6 77. Kf5 1-0